<?xml version="1.0" encoding="UTF-8"?>
<record
    xmlns:xsi="http://www.w3.org/2001/XMLSchema-instance"
    xsi:schemaLocation="http://www.loc.gov/MARC21/slim http://www.loc.gov/standards/marcxml/schema/MARC21slim.xsd"
    xmlns="http://www.loc.gov/MARC21/slim">

  <leader>02001nam a22002537a 4500</leader>
  <controlfield tag="001">10159</controlfield>
  <controlfield tag="003">FISKH</controlfield>
  <controlfield tag="005">20260428153629.0</controlfield>
  <controlfield tag="008">260428b        cb ||||| |||| 00| 0 eng d</controlfield>
  <datafield tag="020" ind1=" " ind2=" ">
    <subfield code="a">9789924342137</subfield>
  </datafield>
  <datafield tag="040" ind1=" " ind2=" ">
    <subfield code="a">FISKH</subfield>
    <subfield code="b">khr</subfield>
    <subfield code="c">FISKH</subfield>
    <subfield code="d">FISKH</subfield>
  </datafield>
  <datafield tag="082" ind1=" " ind2=" ">
    <subfield code="a">895.932</subfield>
  </datafield>
  <datafield tag="100" ind1=" " ind2=" ">
    <subfield code="a">Vorniere , Yoann</subfield>
  </datafield>
  <datafield tag="245" ind1=" " ind2=" ">
    <subfield code="a">&#x1780;&#x17BB;&#x17C6;&#x1798;&#x17B6;&#x178F;&#x17CB;&#x200B; ( 3 ) /</subfield>
    <subfield code="c">By Yoann Vorniere </subfield>
  </datafield>
  <datafield tag="260" ind1=" " ind2=" ">
    <subfield code="a">Phom Penh : </subfield>
    <subfield code="b">Sipar , </subfield>
    <subfield code="c">2024 .</subfield>
  </datafield>
  <datafield tag="300" ind1=" " ind2=" ">
    <subfield code="a">194 unnumbered pages : </subfield>
    <subfield code="b">illustrations ;</subfield>
    <subfield code="c">18 cm .</subfield>
  </datafield>
  <datafield tag="490" ind1=" " ind2=" ">
    <subfield code="a">Khmer Manga </subfield>
    <subfield code="v">3</subfield>
  </datafield>
  <datafield tag="520" ind1=" " ind2=" ">
    <subfield code="a">&#x1780;&#x17B6;&#x179A;&#x1794;&#x17D2;&#x179A;&#x17A0;&#x17B6;&#x179A;&#x179A;&#x1794;&#x179F;&#x17CB;&#x1794;&#x17B7;&#x179F;&#x17B6;&#x1785;&#x179A;&#x17C4;&#x1798;&#x179C;&#x17C2;&#x1784;&#x1792;&#x17D2;&#x179C;&#x17BE;&#x17A2;&#x17C4;&#x1799;&#x179C;&#x17BB;&#x1792;&#x1793;&#x17B7;&#x1784;&#x1798;&#x17B7;&#x178F;&#x17D2;&#x178F;&#x17D7;&#x1782;&#x17C1;&#x1794;&#x17C2;&#x1780;&#x1782;&#x17D2;&#x1793;&#x17B6; &#x17D4; &#x1780;&#x17D2;&#x179A;&#x17C4;&#x1799;&#x1780;&#x17B6;&#x179A;&#x1794;&#x17D2;&#x179A;&#x1799;&#x17BB;&#x1791;&#x17D2;&#x1792;&#x1799;&#x17C9;&#x17B6;&#x1784;&#x179F;&#x17D2;&#x179C;&#x17B7;&#x178F;&#x179F;&#x17D2;&#x179C;&#x17B6;&#x1789; &#x17A2;&#x17BC;&#x179F;&#x17C2;&#x179B;&#x1793;&#x17B7;&#x1784;&#x17A2;&#x17D2;&#x1793;&#x1780;&#x1797;&#x17BC;&#x1798;&#x17B7;&#x1787;&#x17D2;&#x179A;&#x179B;&#x1784;&#x1785;&#x1785;&#x1780;&#x17A2;&#x17B6;&#x1785;&#x1791;&#x17C5;&#x178A;&#x179B;&#x17CB;&#x1797;&#x17D2;&#x1793;&#x17C6;&#x1787;&#x17BE;&#x1784;&#x1780;&#x17D2;&#x17A2;&#x17C2;&#x1780; &#x17D4; &#x178F;&#x17C2;&#x1794;&#x17D2;&#x179A;&#x1787;&#x17B6;&#x1787;&#x1793;&#x1793;&#x17C5;&#x1791;&#x17B8;&#x1793;&#x17C4;&#x17C7;&#x1781;&#x17D2;&#x179B;&#x17C7;&#x178A;&#x17BC;&#x1785;&#x1787;&#x17B6;&#x1798;&#x17B7;&#x1793;&#x179F;&#x17BC;&#x179C;&#x1798;&#x17BE;&#x179B;&#x1791;&#x17C5;&#x17A2;&#x17D2;&#x1793;&#x1780;&#x1790;&#x17D2;&#x1798;&#x17B7;&#x1793;&#x17C4;&#x17C7;&#x1780;&#x17D2;&#x1793;&#x17BB;&#x1784;&#x1795;&#x17D2;&#x179B;&#x17BC;&#x179C;&#x179B;&#x17D2;&#x17A2;&#x179F;&#x17C4;&#x17C7; ......&#x1780;&#x17D2;&#x1793;&#x17BB;&#x1784;&#x1796;&#x17C1;&#x179B;&#x1787;&#x17B6;&#x1798;&#x17BD;&#x1799;&#x1782;&#x17D2;&#x1793;&#x17B6;&#x1793;&#x17C1;&#x17C7;&#x178A;&#x17C2;&#x179A;&#x179C;&#x17BB;&#x1792;&#x1793;&#x17B7;&#x1784;&#x1785;&#x1793;&#x17D2;&#x1791;&#x1796;&#x17D2;&#x1799;&#x17B6;&#x1799;&#x17B6;&#x1798;&#x1791;&#x17C5;&#x1797;&#x17D2;&#x1793;&#x17C6;&#x1787;&#x17BE;&#x1784;&#x1780;&#x17D2;&#x17A2;&#x17C2;&#x1780;&#x178A;&#x17C4;&#x1799;&#x1790;&#x17D2;&#x1798;&#x17BE;&#x179A;&#x1787;&#x17BE;&#x1784; &#x1787;&#x17B6;&#x1798;&#x17BD;&#x1799;&#x1780;&#x17BB;&#x1798;&#x17B6;&#x179A;&#x1798;&#x17C2;&#x179B; &#x178A;&#x17C2;&#x179B;&#x1782;&#x17C1;&#x1780;&#x17CF;&#x1794;&#x17C2;&#x1780;&#x1782;&#x17D2;&#x1793;&#x17B6;&#x1796;&#x17B8;&#x1780;&#x17D2;&#x179A;&#x17BB;&#x1798;&#x1782;&#x17C1;&#x178A;&#x17C2;&#x179A; &#x17D4; </subfield>
  </datafield>
  <datafield tag="520" ind1=" " ind2=" ">
    <subfield code="a">The attack of the long-haired monster caused Vuth and his friends to become separated. After a fierce battle, Osel and the villagers of the Wolf Valley managed to reach Crow Foot Mountain. However, some of the people there did not seem to view the newcomers in a positive way.
At the same time, Vuth and Chan try to make their way on foot to Crow Foot Mountain, together with the child Mel, who has also been separated from his group.</subfield>
  </datafield>
  <datafield tag="650" ind1=" " ind2=" ">
    <subfield code="a">&#x1780;&#x17BB;&#x17C6;&#x1798;&#x17B6;&#x178F;&#x17CB;</subfield>
  </datafield>
  <datafield tag="650" ind1=" " ind2=" ">
    <subfield code="a">Silence</subfield>
  </datafield>
  <datafield tag="942" ind1=" " ind2=" ">
    <subfield code="2">ddc</subfield>
    <subfield code="c">KHB</subfield>
    <subfield code="n">0</subfield>
  </datafield>
  <datafield tag="999" ind1=" " ind2=" ">
    <subfield code="c">10159</subfield>
    <subfield code="d">10159</subfield>
  </datafield>
  <datafield tag="952" ind1=" " ind2=" ">
    <subfield code="0">0</subfield>
    <subfield code="1">0</subfield>
    <subfield code="2">ddc</subfield>
    <subfield code="4">0</subfield>
    <subfield code="7">0</subfield>
    <subfield code="8">KH</subfield>
    <subfield code="a">002</subfield>
    <subfield code="b">002</subfield>
    <subfield code="c">SKB</subfield>
    <subfield code="d">2026-04-28</subfield>
    <subfield code="l">0</subfield>
    <subfield code="o">VOR 895.932 </subfield>
    <subfield code="p">2026-0551</subfield>
    <subfield code="r">2026-04-28 15:36:26</subfield>
    <subfield code="w">2026-04-28</subfield>
    <subfield code="y">KHB</subfield>
  </datafield>
</record>
